Statistics for Largest Lower 48 U.S. Wilderness Areas

Click here to take the quiz!

General Stats

  • This quiz has been taken 5 times
  • The average score is 8 of 15

Answer Stats

HintAnswer% Correct
California 1.100mYosemite
100%
Washington 1.369mDaniel J. Evans
80%
California 4.985mDeath Valley
80%
Florida 2.025mMarjory Stoneman Douglas
80%
California 1.200mSequoia Kings Canyon
80%
California 1.018mJohn Muir
60%
Washington .991mStephen Mather
60%
Montana/Wyoming 1.474mAbsaroka Beartooth
40%
Montana 1.577mBob Marshall
40%
Minnesota 1.700mBoundary Waters Canoe Area
40%
Arizona 1.255mCabeza Prieta
40%
Idaho 3.698mFrank Church River of No Return
40%
California 1.086mMojave
40%
Idaho/Montana 2.094mSelway Bitterroot
20%
Wyoming 1.100mWashakie
20%

Score Distribution

Percentile by Number Answered

Percent of People with Each Score

Your Score History

You have not taken this quiz